<?xml version="1.0" encoding="UTF-8"?>
<marc:record xmlns:marc="http://www.loc.gov/MARC21/slim">
   <marc:leader>00000nam a2200000 a 4500</marc:leader>
   <marc:datafield ind1="1" ind2=" " tag="100">
      <marc:subfield code="a">Jardin, Izabelle</marc:subfield>
      <marc:subfield code="4">aut</marc:subfield>
      <marc:subfield code="e">Verfasser/-in</marc:subfield>
   </marc:datafield>
   <marc:datafield ind1="0" ind2="0" tag="245">
      <marc:subfield code="a">Bernsteintränen</marc:subfield>
   </marc:datafield>
   <marc:datafield ind1="0" ind2="0" tag="245">
      <marc:subfield code="b">Roman</marc:subfield>
   </marc:datafield>
   <marc:datafield ind1="0" ind2="0" tag="245">
      <marc:subfield code="c">Izabelle Jardin</marc:subfield>
   </marc:datafield>
   <marc:datafield ind1=" " ind2="1" tag="264">
      <marc:subfield code="a">Berlin</marc:subfield>
      <marc:subfield code="b">Ullstein</marc:subfield>
   </marc:datafield>
   <marc:datafield ind1=" " ind2=" " tag="250">
      <marc:subfield code="a">Lizenzausgabe im Ullstein Taschenbuch, 1. Auflage</marc:subfield>
   </marc:datafield>
   <marc:datafield ind1="1" ind2=" " tag="520">
      <marc:subfield code="a">Angaben aus der Verlagsmeldung

Bernsteintränen : Roman / von Izabelle Jardin

Ein alter Gutshof und zwei junge Frauen, die ihr Glück in die eigenen Hände nehmenOstpreußen, 1945: In den Wirren der letzten Kriegstage flieht die zwanzigjährige Elisabeth vom Gut ihrer Eltern. Ob sie ihre Familie je wiedersehen wird, weiß sie nicht. Auch ihre große Liebe muss sie zurücklassen. Berlin, 2005: Die Zeit zwischen Weihnachten und Neujahr hatte sich Nicola eigentlich anders vorgestellt. Gerade erst hat sie sich von ihrem Freund getrennt, da schickt sie ihr Chef auf Dienstreise nach Polen. Nach einer Autopanne nimmt sie der Landarzt Marcin bei sich auf, der ganz in der Nähe des alten Gutshofes wohnt, den Nicola für ihre Firma besichtigen soll. Marcin weckt in ihr völlig ungeahnte Gefühle, und auch das alte Haus lässt sie schon bald nicht mehr los. Sie taucht ein in die Geschichte seiner früheren Bewohner.
</marc:subfield>
   </marc:datafield>
   <marc:datafield ind1=" " ind2=" " tag="020">
      <marc:subfield code="a">9783548060880</marc:subfield>
      <marc:subfield code="9">9783548060880</marc:subfield>
   </marc:datafield>
   <marc:datafield ind1=" " ind2=" " tag="020">
      <marc:subfield code="a">3548060889</marc:subfield>
      <marc:subfield code="9">3548060889</marc:subfield>
   </marc:datafield>
   <marc:datafield ind1=" " ind2=" " tag="300">
      <marc:subfield code="a">410 Seiten</marc:subfield>
   </marc:datafield>
</marc:record>
